| 000 | 00875cam a2200277 4500 | ||
|---|---|---|---|
| 001 | 33166 | ||
| 003 | BD-RjUL | ||
| 005 | 20211209051947.0 | ||
| 008 | 140430r19671958enk b 001 0 eng | ||
| 020 | _a0710038356 | ||
| 020 | _a0710068042 | ||
| 035 | _a(BD-RjUL)33257 | ||
| 040 |
_aDLC _cDLC _dDLC _dBD-RjUL _beng |
||
| 041 | _aeng | ||
| 082 | 0 | 0 |
_a300.1 _bWII 1967 |
| 100 | 1 |
_aWinch, Peter. _993166 |
|
| 245 | 1 | 4 |
_aThe idea of a social science and its relation to philosophy / _cby Peter Winch. |
| 260 |
_aLondon ; _aNew York : _bRoutledge & Kegan Paul ; _bHumanities Press, _cc1958 [Impression 1967]. |
||
| 300 |
_a143 p. ; _c19 cm. |
||
| 504 | _aBibliography: p. 137-139 and index. | ||
| 650 | 0 |
_aSocial sciences _xPhilosophy. _910283 |
|
| 942 |
_2ddc _cBK |
||
| 999 |
_c33166 _d33166 |
||